000 00510nmm a2200169Ia 4500
008 251105s9999||||xx |||||||||||||||||und||
041 _aspa
100 _aMostafavi, Mohsen
245 0 _aUrbanismo Ecológico. Volumen 3 :
_b Colaborar
264 _a[Madrid, España] :
_bEditorial Gustavo Gili,
_c2014
300 _a67 páginas
650 _aArchitecture & Sculpture
700 _aMostafavi, Mohsen
700 1 _a Doherty, Gareth
856 _uhttps://public.digitaliapublishing.com/a/41400
942 _cCF
999 _c69113
_d69113